Control of flea beetle on chinese kale at royal university of agriculture វិធានការរបង្កាសត្វទៀកគួនៅលើដំណាំខាត់ណាដើមនៅសាកលវិទ្យាល័យភូមិន្ទកសិកម្ម (Record no. 1160)

000 -LEADER
fixed length control field 00634nam a22001337a 4500
040 ## - CATALOGING SOURCE
Transcribing agency RUA
082 ## - DEWEY DECIMAL CLASSIFICATION NUMBER
Classification number AGR UN 2010 B046 Or.1
100 ## - MAIN ENTRY--AUTHOR NAME
Personal name UN, SOPHEA
245 ## - TITLE STATEMENT
Title Control of flea beetle on chinese kale at royal university of agriculture វិធានការរបង្កាសត្វទៀកគួនៅលើដំណាំខាត់ណាដើមនៅសាកលវិទ្យាល័យភូមិន្ទកសិកម្ម
260 ## - PUBLICATION, DISTRIBUTION, ETC. (IMPRINT)
Place of publication Phnom Penh
Name of publisher RUA
Year of publication 2010
300 ## - PHYSICAL DESCRIPTION
Number of Pages xi, 50p.
Other physical details ill.
Dimensions 29cm.
856 ## - ELECTRONIC LOCATION AND ACCESS
Uniform Resource Identifier https://drive.google.com/file/d/1VbyiZCz2ooteNMXa0bGqQcPfDs8vF1JX/view?usp=sharing
942 ## - ADDED ENTRY ELEMENTS (KOHA)
Koha item type AGR
952 ## - LOCATION AND ITEM INFORMATION (KOHA)
Withdrawn status [LOCAL, KOHA] 0
952 ## - LOCATION AND ITEM INFORMATION (KOHA)
Withdrawn status [LOCAL, KOHA] 0
952 ## - LOCATION AND ITEM INFORMATION (KOHA)
Withdrawn status [LOCAL, KOHA] 0
952 ## - LOCATION AND ITEM INFORMATION (KOHA)
Withdrawn status [LOCAL, KOHA] 0
952 ## - LOCATION AND ITEM INFORMATION (KOHA)
Withdrawn status [LOCAL, KOHA] 0
952 ## - LOCATION AND ITEM INFORMATION (KOHA)
Withdrawn status [LOCAL, KOHA] 0
952 ## - LOCATION AND ITEM INFORMATION (KOHA)
Withdrawn status [LOCAL, KOHA] 0
952 ## - LOCATION AND ITEM INFORMATION (KOHA)
Withdrawn status [LOCAL, KOHA] 0
952 ## - LOCATION AND ITEM INFORMATION (KOHA)
Withdrawn status [LOCAL, KOHA] 0
952 ## - LOCATION AND ITEM INFORMATION (KOHA)
Withdrawn status [LOCAL, KOHA] 0
Holdings
Permanent Location Date acquired Koha item type Lost status Shelving location Barcode Current Location Full call number
Library Block B2015-09-23AGR B046RUA006570Library Block AAGR UN 2010 B046 Or.5
Library Block B2015-09-23AGR B046RUA006718Library Block BAGR UN 2010 B046 Or.1
Library Block B2015-09-23AGR B046RUA006549Library Block BAGR UN 2010 B046 Or.2
Library Block B2015-09-23AGR B046RUA006224Library Block BAGR UN 2010 B046 Or.3
Library Block B2015-09-23AGR B046RUA008388Library Block BAGR UN 2010 B046 Or.4
Library Block B2015-09-25AGR B046RUA000089Library Block BAGR UN 2010 B046 Or.6
Library Block B2015-09-25AGR B046 CRUA000180Library Block BAGR UN 2010 B046 Or.7
Library Block B2015-09-25AGR B046RUA000115Library Block BAGR UN 2010 B046 Or.8
Library Block B2015-09-25AGR B046RUA000036Library Block BAGR UN 2010 B046 Or.9
Library Block B2015-09-25AGR B046RUA000793Library Block BAGR UN 2010 B046 Or.10
មជ្ឈមណ្ឌលឯការនៃសាកលវិទ្យាល័យភូមិន្ទកសិកម្មចំការដូង

Powered by Koha